000 00366nam a2200145 a 4500
005 20140412111326.0
008 110128s19uu xx 00 eng d
020 _a0-06-028686-5
050 _aTR(PS E
_bIm1 2000
100 _aMcBratney, Sam
245 _aI'm Sorry /
_cSam McBratney.
260 _aUK :
_bHarper collins,
_c2000.
300 _aunp.
999 _c104646
_d104646